ბათუმის შოთა რუსთაველის სახელმწიფო უნივერსიტეტის ბიბლიოთეკა

Oxford English for Careers: Tourism 2: Student's Book (ბიბ.ჩანაწერი № 51265)

000 -LEADER
fixed length control field 00637nam a2200229Ia 4500
001 - CONTROL NUMBER
control field 18227
003 - CONTROL NUMBER IDENTIFIER
control field GE_BSU
008 - FIXED-LENGTH DATA ELEMENTS--GENERAL INFORMATION
fixed length control field 181216s||||||||xx |||||||||||||| ||und||
020 ## - INTERNATIONAL STANDARD BOOK NUMBER
International Standard Book Number 9780194551038
040 ## - CATALOGING SOURCE
Transcribing agency GE_BSU
100 ## - MAIN ENTRY--PERSONAL NAME
Personal name Robin Walker, Keith Harding
245 ## - TITLE STATEMENT
Title Oxford English for Careers: Tourism 2: Student's Book
260 ## - PUBLICATION, DISTRIBUTION, ETC.
Place of publication, distribution, etc. OXFORD
260 ## - PUBLICATION, DISTRIBUTION, ETC.
Name of publisher, distributor, etc. Oxford University Press
260 ## - PUBLICATION, DISTRIBUTION, ETC.
Date of publication, distribution, etc. 2007
300 ## - PHYSICAL DESCRIPTION
Extent 243p,27cm.
300 ## - PHYSICAL DESCRIPTION
Other physical details colour illustrations throughout
653 ## - INDEX TERM--UNCONTROLLED
Uncontrolled term Oxford English for Careers: Tourism 2: Student's Book
653 ## - INDEX TERM--UNCONTROLLED
Uncontrolled term ინგლისური ენა
942 ## - ADDED ENTRY ELEMENTS (KOHA)
Koha item type წიგნი
ეგზემპლარები
Withdrawn status Lost status Damaged status Not for loan Date acquired Barcode Date last seen Price effective from Koha item type
        2018-12-17 46431 2018-12-17 2018-12-17 წიგნი